South Eastern Kenya University

Library Online Public Access Catalogue


Making animal meaning / (Record no. 17190)

MARC details
000 -LEADER
fixed length control field 00702nam a22002297a 4500
003 - CONTROL NUMBER IDENTIFIER
control field OSt
005 - DATE AND TIME OF LATEST TRANSACTION
control field 20190117101322.0
008 - FIXED-LENGTH DATA ELEMENTS--GENERAL INFORMATION
fixed length control field 190117b ||||| |||| 00| 0 eng d
020 ## - INTERNATIONAL STANDARD BOOK NUMBER
International Standard Book Number 9781611860566
040 ## - CATALOGING SOURCE
Original cataloging agency SEKU
050 ## - LIBRARY OF CONGRESS CALL NUMBER
Classification number QL 85
Item number .M35
130 ## - MAIN ENTRY--UNIFORM TITLE
Uniform title Making animal meaning
245 ## - TITLE STATEMENT
Title Making animal meaning /
Statement of responsibility, etc. Edited by Linda Kalof and Georgina M. Montgomery.
260 ## - PUBLICATION, DISTRIBUTION, ETC. (IMPRINT)
Place of publication, distribution, etc. Michigan :
Name of publisher, distributor, etc. Michigan State University,
Date of publication, distribution, etc. 2011.
300 ## - PHYSICAL DESCRIPTION
Extent 197 p. :
Other physical details ill.
504 ## - BIBLIOGRAPHY, ETC. NOTE
Bibliography, etc Includes bibliographical references and index.
650 ## - SUBJECT ADDED ENTRY--TOPICAL TERM
Topical term or geographic name as entry element Psychological aspects
General subdivision Animals
650 ## - SUBJECT ADDED ENTRY--TOPICAL TERM
Topical term or geographic name as entry element Human-animal relationships
700 ## - ADDED ENTRY--PERSONAL NAME
Personal name Kalof, Linda.
700 ## - ADDED ENTRY--PERSONAL NAME
Personal name Montgomery, Georgina M.
942 ## - ADDED ENTRY ELEMENTS (KOHA)
Source of classification or shelving scheme Library of Congress Classification
Koha item type General circulation
Holdings
Withdrawn status Lost status Source of classification or shelving scheme Damaged status Not for loan Home library Current library Shelving location Date acquired Source of acquisition Total Checkouts Full call number Barcode Date last seen Price effective from Koha item type
    Library of Congress Classification     Main Campus Library Main Campus Library General Stacks 17/01/2019 Donation- Book Aid   QL 85 .M35 2018/020083 17/01/2019 17/01/2019 General circulation
Kitui, Kenya.
+254736116989
library@seku.ac.ke